| 000 | 00605nam a22001937a 4500 | ||
|---|---|---|---|
| 003 | OSt | ||
| 005 | 20180116183040.0 | ||
| 008 | 160222b xxu||||| |||| 00| 0 eng d | ||
| 020 | _a06-223-98-1 | ||
| 024 | _206-223-98-1 | ||
| 040 | _cLahore University of Management Sciences | ||
| 082 | _a174.4 LUM 1998 | ||
| 100 | _aM Omar Faruque | ||
| 245 |
_aDEVELOPMENT SYSTEMS (A) (R) RANA A I, FARUQUE M O _cM Omar Faruque |
||
| 260 |
_aLahore _bLahore University of Management Sciences _c1998 |
||
| 300 |
_a8 p. _bPapers |
||
| 440 | _aDEVELOPMENT SYSTEMS (A) (R) RANA A I, FARUQUE M O | ||
| 942 |
_2ddc _cCS |
||
| 999 |
_c351210 _d351210 |
||